[Event "Politiken Cup"]
[Site "Helsingor DEN"]
[Date "2009.07.23"]
[Round "7"]
[White "Larsen,Ka"]
[Black "Gandrud,V"]
[Result "1/2-1/2"]
[WhiteElo "2337"]
[BlackElo "2169"]

1.e4 c5 2.Nf3 d6 3.Bb5+ Nc6 4.O-O Bd7 5.Re1 a6 6.Bf1 Nf6 7.h3 e5 8.c3 Be7
9.d4 b5 10.d5 Na5 11.b3 O-O 12.Nbd2 Ne8 13.a4 bxa4 14.bxa4 f5 15.exf5 Bxf5
16.Ne4 c4 17.Ng3 Bg6 18.Be3 h6 19.Nd2 Qc7 20.Qg4 Kh7 21.Nde4 Nf6 22.Nxf6+ Bxf6
23.Be2 Qc8 24.Bb6 Nb3 25.Ra2 Rb8 26.a5 Bd8 27.Bxd8 Qxd8 28.Bxc4 Nxa5 29.Bxa6 Nb3
30.Bf1 Nc5 31.Qd1 Rb3 32.Qd2 Qb6 33.Qe3 Rb2 34.Rxb2 Qxb2 35.f3 Ra8 36.Qc1 Qb3
37.c4 Ra3 38.Qd2 Bd3 39.Ne4 Bxf1 40.Nxc5 Qxc4 41.Rc1 Ra2 42.Rxc4 Rxd2 43.Kxf1 dxc5
44.Rxc5 Kg6 45.Kg1 Kf5 46.Kh2 e4 47.fxe4+ Kxe4 48.Rc7 g6 49.Rc6 Kf5 50.Rd6 Rd3
51.Kg1 Rd2 52.Kf1 h5 53.Rd8 Ke5 54.Re8+ Kf5 55.Rf8+ Ke5 56.Rg8 Kf5  1/2-1/2

[Event "zt 3.3"]
[Site "Ho Chi Minh City VIE"]
[Date "2009.07.23"]
[Round "2"]
[White "Chan Wei Xuan,T"]
[Black "Nguyen Huynh Minh Huy"]
[Result "1/2-1/2"]
[WhiteElo "2344"]
[BlackElo "2500"]

1.e4 c5 2.Nf3 d6 3.Bb5+ Nc6 4.O-O Bd7 5.Re1 Nf6 6.h3 a6 7.Bf1 e5 8.c3 Be7
9.d4 b5 10.a4 c4 11.b3 cxb3 12.axb5 axb5 13.Rxa8 Qxa8 14.Qxb3 O-O 15.Ba3 exd4
16.cxd4 Na5 17.Qe3 Nc4 18.Bxc4 bxc4 19.e5 Nd5 20.Qe4 Re8 21.Qc2 dxe5 22.Bxe7 Nxe7
23.Ng5 Ng6 24.Qxc4 Be6 25.Nxe6 Rxe6  1/2-1/2

[Event "Quebec Open"]
[Site "Montreal CAN"]
[Date "2009.07.23"]
[Round "7"]
[White "Kasparov,S"]
[Black "Zherebukh,Y"]
[Result "1-0"]
[WhiteElo "2487"]
[BlackElo "2541"]

1.e4 c5 2.Nf3 d6 3.Bb5+ Nd7 4.O-O Nf6 5.Re1 a6 6.Bf1 b6 7.d4 cxd4 8.Nxd4 Bb7
9.c4 e6 10.Nc3 Be7 11.f3 O-O 12.Be3 Rc8 13.Rc1 Qc7 14.b4 Qb8 15.a3 Bd8 16.Kh1 Ne5
17.Na4 Bc7 18.Bg1 h5 19.c5 b5 20.cxd6 Bxd6 21.Nc5 h4 22.Nxb7 Qxb7 23.Rxc8 Rxc8
24.Nxe6 Bb8 25.Ng5 Ng6 26.Nh3 Qe7 27.e5 Nh5 28.a4 Rd8 29.Qb1 bxa4 30.e6 Kf8
31.exf7 Qxf7 32.Ng5 Qd5 33.Qc1 Bf4 34.Qc4  1-0

[Event "Synthesia Rapid Open"]
[Site "Pardubice CZE"]
[Date "2009.07.23"]
[Round "6"]
[White "Chernyshov,K"]
[Black "Navara,D"]
[Result "1/2-1/2"]
[WhiteElo "2555"]
[BlackElo "2687"]

1.e4 c5 2.Nf3 d6 3.Bb5+ Nc6 4.O-O Bd7 5.Re1 Nf6 6.Bxc6 Bxc6 7.e5 dxe5 8.Nxe5 Rc8
9.Nc3 g6 10.d3 Bg7 11.Be3 b6 12.Nxc6 Rxc6 13.Qf3 Rd6 14.Bf4 Rd7 15.Be5 O-O
16.Re2 e6 17.Rae1 Qa8 18.Qxa8 Rxa8 19.a4 Ne8 20.Bxg7 Kxg7 21.b3 Nd6 22.g4 Rh8
23.h3 h5 24.f3 g5 25.Ne4 Kg6 26.Nxd6 Rxd6 27.Kf2 Rdd8 28.a5 b5 29.a6 hxg4
30.hxg4 Rh2+ 31.Ke3 Rxe2+ 32.Kxe2 Rh8 33.Kd2 Rh2+ 34.Kc3 Kf6 35.Ra1 b4+ 36.Kb2 Ke5
37.Ra5 Kd4 38.Rb5 f5 39.Rb7 Ke3 40.gxf5 exf5 41.Rxa7 Kxf3 42.Ra8 Kf4 43.d4 cxd4
44.Rd8 Rh7 45.Rxd4+ Ke3 46.Rxb4 g4 47.Rb7 Rh8 48.Rg7 Ra8 49.a7 f4 50.b4 f3
51.Re7+ Kd4 52.Rf7 Rxa7 53.Rxa7 f2 54.Rf7 g3 55.Rf3 g2 56.Rxf2 g1=Q 57.Rf3 Kc4
58.Rb3 Kb5 59.Rd3 Kxb4  1/2-1/2

[Event "Synthesia Rapid Open"]
[Site "Pardubice CZE"]
[Date "2009.07.23"]
[Round "7"]
[White "Balin,J"]
[Black "Maximov,D"]
[Result "0-1"]
[WhiteElo "2307"]
[BlackElo "2485"]

1.e4 c5 2.Nf3 d6 3.Bb5+ Nc6 4.Bxc6+ bxc6 5.O-O e6 6.Re1 d5 7.d3 Nf6 8.Nc3 Be7
9.Ne5 Bb7 10.Qe2 O-O 11.Kh1 Nd7 12.Ng4 d4 13.Na4 h5 14.Nh6+ gxh6 15.Bxh6 Nf6
16.e5 Ng4 17.Bxf8 Bxf8 18.h3 Qh4 19.Kg1 Nh6 20.b3 c4 21.Qf3 Rb8 22.Re4 Qg5
23.Qf6 Qxf6 24.exf6 Nf5 25.bxc4 Ba8 26.g4 c5 27.Re2 hxg4 28.hxg4 Nh4 29.c3 Bc6
30.Nb2 dxc3 31.Nd1 Nf3+ 32.Kf1 Nd4 33.Re5 c2 34.Nc3 Bh6 35.g5 Bf8 36.Re3 Bd6
37.Ke1 Bf4 38.Kd2 a5 39.Rc1 Rb2 40.Ne4 Bxe4 41.dxe4 Rxa2  0-1

[Event "XXVII Andorra Open"]
[Site "Arinsal AND"]
[Date "2009.07.24"]
[Round "7"]
[White "Delorme,Ax"]
[Black "Schut,L"]
[Result "1-0"]
[WhiteElo "2434"]
[BlackElo "2212"]

1.e4 c5 2.Nf3 d6 3.Bb5+ Bd7 4.Bxd7+ Qxd7 5.c4 Nf6 6.Nc3 g6 7.d4 cxd4 8.Nxd4 Bg7
9.h3 O-O 10.Be3 Rc8 11.b3 Nc6 12.O-O Nxd4 13.Bxd4 b5 14.Nxb5 Nxe4 15.Re1 Nf6
16.Nc3 Rd8 17.Rc1 Rac8 18.Qf3 Nh5 19.Bxg7 Nxg7 20.Nd5 Ne6 21.Re3 Kg7 22.Qg3 Re8
23.Rce1 Rc5 24.Qh4 Qb7 25.Rd1 Qd7 26.f4 Nc7 27.Rxe7 Rxe7 28.Qf6+ Kg8 29.Nxe7+ Kf8
30.Nd5 Nxd5 31.Qh8+ Ke7 32.Re1+  1-0

[Event "ch-AUT"]
[Site "Jenbach AUT"]
[Date "2009.07.25"]
[Round "1"]
[White "Wallnoefer,H"]
[Black "Natter,S"]
[Result "0-1"]
[WhiteElo "2066"]
[BlackElo "2262"]

1.e4 c5 2.Nf3 d6 3.Bb5+ Nd7 4.O-O a6 5.Bxd7+ Bxd7 6.b3 e5 7.Bb2 Nf6 8.Qe2 Be7
9.c3 O-O 10.Rd1 Bc6 11.d3 Re8 12.Nbd2 Bf8 13.a4 g6 14.Nc4 Bg7 15.Qc2 Qc7
16.a5 Rad8 17.Nb6 d5 18.Nd2 Bh6 19.f3 c4 20.bxc4 dxe4 21.Nxe4 Bxe4 22.fxe4 Be3+
23.Kh1 Ng4 24.Rf1 Qe7 25.g3 Bxb6 26.axb6 Ne3 27.Qe2 Nxf1 28.Rxf1 Rd7 29.Qe3 Rc8
30.Rd1 Qc5 31.Qxc5 Rxc5 32.Ba3 Rxc4  0-1

[Event "13th Battle of Senta Open A"]
[Site "Senta SRB"]
[Date "2009.07.25"]
[Round "9"]
[White "Mijic,V"]
[Black "Nestorovic,L"]
[Result "1-0"]
[WhiteElo "2220"]
[BlackElo "2240"]

1.e4 c5 2.Nf3 d6 3.Bb5+ Nc6 4.c3 a6 5.Ba4 b5 6.Bc2 g6 7.h3 Bg7 8.O-O Nf6
9.d4 cxd4 10.cxd4 O-O 11.a3 Bb7 12.Nc3 b4 13.axb4 Nxb4 14.Bb1 a5 15.Be3 Nd7
16.Re1 Nb6 17.Nd2 f5 18.exf5 gxf5 19.Bg5 Rf7 20.Qh5 Qf8 21.Qh4 Bf6 22.Bxf6 Rxf6
23.Re3 Kh8 24.Nf3 Qg7 25.Ng5 h6 26.Rg3 f4 27.Rg4 Bc8 28.Nge4 Bxg4 29.Nxf6 Bxh3
30.Qxh3 Qxf6 31.Be4 d5 32.Bf3 e6 33.Re1 Re8 34.Bg4 Nc2 35.Rxe6 Rxe6 36.Bxe6 Nxd4
37.Nxd5 Nxd5 38.Bxd5 Qd6 39.Qc8+ Kg7 40.Qg8+ Kf6 41.Qh8+ Kg5 42.Qxd4 Qe7
43.Bf3 Qc7 44.Qd5+ Kf6 45.Qc6+ Qxc6 46.Bxc6  1-0

[Event "Najdorf Mem Open"]
[Site "Warsaw POL"]
[Date "2009.07.25"]
[Round "8"]
[White "Gasik,An"]
[Black "Leks,H"]
[Result "1/2-1/2"]
[WhiteElo "2216"]
[BlackElo "2145"]

1.e4 c5 2.Nf3 d6 3.Bb5+ Bd7 4.Bxd7+ Qxd7 5.O-O Nc6 6.c3 Nf6 7.Re1 e6 8.d4 d5
9.e5 Ne4 10.Nbd2 Nxd2 11.Bxd2 cxd4 12.cxd4 Be7 13.a3 O-O 14.Rc1 a5  1/2-1/2

[Event "Najdorf Mem Open"]
[Site "Warsaw POL"]
[Date "2009.07.25"]
[Round "8"]
[White "Gluszko,M"]
[Black "Zadlo,T"]
[Result "1-0"]
[WhiteElo "1940"]
[BlackElo "2076"]

1.e4 c5 2.Nf3 d6 3.Bb5+ Bd7 4.Bxd7+ Qxd7 5.O-O Nf6 6.Qe2 Nc6 7.c3 e6 8.d4 cxd4
9.cxd4 d5 10.e5 Ne4 11.Be3 Be7 12.Ne1 f5 13.f3 Ng5 14.Nd3 Nf7 15.g4 g6 16.Nd2 O-O-O
17.Nb3 Rde8 18.Ndc5 Bxc5 19.Nxc5 Qc7 20.Rfc1 Qb6 21.b4 Kd8 22.b5 Nb8 23.Bd2  1-0

[Event "Politiken Cup"]
[Site "Helsingor DEN"]
[Date "2009.07.26"]
[Round "10"]
[White "Aabling Thomsen,J"]
[Black "Korley,K"]
[Result "1/2-1/2"]
[WhiteElo "2344"]
[BlackElo "2143"]

1.e4 c5 2.Nf3 d6 3.Bb5+ Nd7 4.O-O Nf6 5.e5 dxe5 6.Nxe5 a6 7.Bxd7+ Nxd7 8.Nf3 e6
9.d4 Nf6 10.Qe2 Qc7 11.Rd1 Be7 12.c4 O-O 13.Nc3 b6 14.Bg5 cxd4 15.Rxd4 Bb7
16.Rh4 Ne8 17.Nd5 Bxd5 18.Bxe7 Bxf3 19.Qd3 f5 20.Bxf8 Be4 21.Rxe4 fxe4 22.Qxe4 Rc8
23.Ba3 Qxc4 24.Qe1 Nf6 25.b3 Qe4 26.Qf1 Rc2 27.Bd6 Qf5 28.Bg3 Ne4 29.a4 Nc3
30.Qxa6 Ne2+ 31.Kh1 Nxg3+ 32.fxg3 Qd5 33.Rg1 Rxg2 34.Qc8+ Kf7 35.Qc7+ Kg6
36.Rxg2 Qd1+ 37.Rg1 Qf3+ 38.Rg2 Qf1+  1/2-1/2

[Event "Politiken Cup"]
[Site "Helsingor DEN"]
[Date "2009.07.26"]
[Round "10"]
[White "Hillarp Persson,T"]
[Black "Tiviakov,S"]
[Result "0-1"]
[WhiteElo "2596"]
[BlackElo "2674"]

1.e4 c5 2.Nf3 d6 3.Bb5+ Nd7 4.c3 Nf6 5.Qe2 a6 6.Ba4 g6 7.O-O b5 8.Bc2 Bg7
9.d4 cxd4 10.cxd4 Nb6 11.h3 O-O 12.Nbd2 Bb7 13.Nb3 Rc8 14.Bd3 Na4 15.Bf4 Nh5
16.Bh2 e5 17.Rac1 Qe7 18.Rxc8 Rxc8 19.Qd2 exd4 20.Nfxd4 Nc5 21.Re1 Nxd3 22.Qxd3 f5
23.Na5 Bxe4 24.Qb3+ Qf7 25.Ne6 Bh6 26.f3 Bd2 27.Rd1 Bc2 28.Qd5 Bxd1 29.Nb7 Be3+  0-1

[Event "zt 3.3"]
[Site "Ho Chi Minh City VIE"]
[Date "2009.07.26"]
[Round "5"]
[White "Chan Wei Xuan,T"]
[Black "Nolte,R"]
[Result "1/2-1/2"]
[WhiteElo "2344"]
[BlackElo "2458"]

1.e4 c5 2.Nf3 d6 3.Bb5+ Bd7 4.Bxd7+ Qxd7 5.O-O Nf6 6.Qe2 Nc6 7.Rd1 e6 8.d4 cxd4
9.Nxd4 Be7 10.c4 O-O 11.b3 Rfd8 12.Nc3 Rac8 13.Ba3 Qc7 14.Nxc6 bxc6 15.e5 dxe5
16.Bxe7 Qxe7 17.Qxe5 h6 18.h3 Qb4 19.Ne4 Nxe4 20.Qxe4 c5 21.Qh4 Qa5 22.Qf4 Rxd1+
23.Rxd1 Qxa2 24.Rd7 Rf8 25.Qe3 Qa5 26.Qe5 Qb6 27.Rc7 Qxb3 28.Qxc5 Qb1+ 29.Kh2 Qb6
30.Qxb6 axb6 31.h4 Rb8 32.c5 bxc5 33.Rxc5 g6 34.g3 Kg7 35.Kg2 Kf6 36.Ra5 Rb3
37.Ra8 g5 38.hxg5+ hxg5 39.Ra7 g4 40.Ra8 Kf5 41.Rf8 Rb7 42.Rg8 f6 43.Kf1 Rb2
44.Kg2 e5 45.Kf1 Ke4 46.Kg2 f5 47.Re8 Rb5 48.Rd8 Rd5 49.Rf8 Rd2 50.Re8 Ra2
51.Re7 Ra5 52.Rf7 Rb5 53.Rf8 Rb2 54.Re8 Kd5 55.Rd8+ Ke6 56.Re8+ Kf6 57.Rf8+ Kg6
58.Kf1 e4 59.Re8 Kf7 60.Re5 Kf6 61.Re8 Rb5 62.Ke2 Kf7 63.Ra8 Ke6 64.Ke3 Rb3+
65.Ke2 Rd3 66.Re8+ Kf7 67.Re5 Kf6 68.Re8 Rf3 69.Kf1 Rb3 70.Ke2 Ra3 71.Kf1 Ra2
72.Ke1 Ra6 73.Ke2 Re6 74.Ra8 Rd6 75.Re8 Rd5 76.Kf1 Re5 77.Ra8 e3 78.fxe3 Rxe3
79.Kf2 Rf3+ 80.Kg2 Rc3 81.Re8 Rc2+ 82.Kf1 Rh2 83.Kg1 Rh7 84.Kf2 Re7 85.Ra8 Re6
86.Rb8 Re4 87.Ra8 Rb4 88.Re8 Rb2+ 89.Kf1 Rb4 90.Kf2 Re4 91.Ra8 Re5 92.Rb8 Ke6
93.Ra8 Rb5 94.Re8+ Kd5 95.Rd8+ Ke4 96.Ra8 Ke5  1/2-1/2

[Event "zt 3.3"]
[Site "Ho Chi Minh City VIE"]
[Date "2009.07.26"]
[Round "6"]
[White "Nguyen Hoang Nam1"]
[Black "Pham Chuong"]
[Result "1-0"]
[WhiteElo "2320"]
[BlackElo "2364"]

1.e4 c5 2.Nf3 d6 3.Bb5+ Nd7 4.d4 cxd4 5.Qxd4 Nf6 6.Bg5 e6 7.Nc3 a6 8.Bxd7+ Bxd7
9.O-O-O Be7 10.e5 dxe5 11.Nxe5 Bc6 12.Nxc6 bxc6 13.Qc4 Qb6 14.Be3 Qb7 15.Bc5 O-O
16.Bxe7 Qxe7 17.Qxc6 Rfc8 18.Qf3 Rab8 19.Rd3 Qc5 20.Rhd1 Nd5 21.R1d2 Qb6
22.b3 Nf6 23.Kb2 h6 24.a3 a5 25.g4 Rc4 26.h3 a4 27.Rd6 Qc7 28.Qd3 Rxc3 29.Qxc3 Qxc3+
30.Kxc3 Ne4+ 31.Kb2 Nxd6 32.Rxd6 Kf8 33.Rd4 axb3 34.cxb3 Ke7 35.a4 e5 36.Rc4 Kd6
37.b4 g6 38.b5 Kd5 39.Kb3 f5 40.Kb4 e4 41.a5 f4 42.a6 Ra8 43.Rc2 e3 44.fxe3 fxe3
45.Ka5 Kd4 46.b6 Kd3 47.Ra2 e2 48.Rxe2 Kxe2 49.b7  1-0

[Event "Continental ch-Americas"]
[Site "Sao Paulo BRA"]
[Date "2009.07.26"]
[Round "2"]
[White "Quinones,Ces"]
[Black "Fier,A"]
[Result "0-1"]
[WhiteElo "2318"]
[BlackElo "2604"]

1.e4 c5 2.Nf3 d6 3.Bb5+ Nc6 4.O-O Bd7 5.Re1 a6 6.Bxc6 Bxc6 7.c3 Nf6 8.d4 Bxe4
9.Bg5 d5 10.dxc5 e6 11.b4 Be7 12.Nbd2 Bg6 13.Ne5 O-O 14.Nb3 Bh5 15.Qd4 h6
16.Bf4 g5 17.Bd2 Ne4 18.g4 f6 19.gxh5 fxe5 20.Qxe5 Qd7 21.Rxe4 dxe4 22.Qxe4 Bf6
23.Re1 Rae8 24.Re3 Qf7 25.f3 Re7 26.c6 bxc6 27.Qxc6 g4 28.Re4 gxf3 29.Rg4+ Kh8
30.Rg6 f2+ 31.Kf1 Bg7 32.Nd4 e5 33.Ne6 Qf5 34.Nxf8 Qd3+  0-1

[Event "ZMD Open"]
[Site "Dresden GER"]
[Date "2009.07.27"]
[Round "3"]
[White "Fegebank,F"]
[Black "Savchenko,S"]
[Result "0-1"]
[WhiteElo "2050"]
[BlackElo "2526"]

1.e4 c5 2.Nf3 d6 3.Bb5+ Bd7 4.Bxd7+ Qxd7 5.O-O Nf6 6.Qe2 Nc6 7.c3 e6 8.d4 cxd4
9.cxd4 d5 10.e5 Ne4 11.Nbd2 Nxd2 12.Bxd2 Be7 13.a3 O-O 14.b4 a6 15.Be3 Rac8
16.Nd2 Nb8 17.Nb3 b6 18.Rac1 Qa4 19.Qb2 Nc6 20.Rc2 Na7 21.Rxc8 Rxc8 22.Rc1 Rxc1+
23.Bxc1 Qc6 24.Nd2 Bg5 25.g3 Nb5 26.f4 Nxd4 27.Qxd4 Qxc1+ 28.Kf2 Be7 29.Ke2 Qxa3
30.Qxb6 Bxb4 31.Qd8+ Bf8 32.f5 Qb2  0-1

[Event "ZMD Open"]
[Site "Dresden GER"]
[Date "2009.07.27"]
[Round "3"]
[White "Genova,Ly"]
[Black "Boehme,Andr"]
[Result "1/2-1/2"]
[WhiteElo "2209"]
[BlackElo "1986"]

1.e4 c5 2.Nf3 d6 3.Bb5+ Nc6 4.O-O Bd7 5.Re1 e6 6.c3 a6 7.Bf1 Nf6 8.d4 cxd4
9.cxd4 e5 10.d5 Ne7 11.Qb3 b5 12.Nc3 Qb8 13.Qc2 Ng6 14.b4 Be7 15.Bd2 O-O
16.a4 bxa4 17.Nxa4 Rc8 18.Qb3 Bb5 19.Nc3 Bxf1 20.Kxf1 Nd7 21.Ra2 a5 22.Rea1 Bd8
23.Qb1 Nf4 24.g3 Rxc3 25.Bxc3 Qb5+ 26.Ke1 Nd3+ 27.Kf1 Nf4+ 28.Ke1 Nd3+ 29.Kf1 Nf4+  1/2-1/2

[Event "ch-AUT"]
[Site "Jenbach AUT"]
[Date "2009.07.27"]
[Round "3"]
[White "Platzgummer,F"]
[Black "Schwarhofer,C"]
[Result "1-0"]
[WhiteElo "2308"]
[BlackElo "2239"]

1.e4 c5 2.Nf3 d6 3.Bb5+ Bd7 4.Bxd7+ Qxd7 5.c4 Nc6 6.Nc3 g6 7.d4 cxd4 8.Nxd4 Bg7
9.Nde2 Rc8 10.Be3 Nf6 11.f3 O-O 12.O-O Qd8 13.Qd2 Qa5 14.Rfd1 Nd7 15.b3 a6
16.a4 Nc5 17.Rab1 Rfe8 18.Kh1 Qb4 19.Qc2 Qa5 20.Nd5 e6 21.Bd2 Qd8 22.Ndf4 Qe7
23.Be3 Red8 24.Nd3 Nxd3 25.Qxd3 Nb4 26.Qd2 d5 27.Bb6 Rd7 28.exd5 exd5 29.Nf4 d4
30.Ba5 Nc6 31.Nd5 Qh4 32.Nb6 Nxa5 33.Nxd7 Nc6 34.Nb6 Rd8 35.Nd5 Be5 36.f4 Bg7
37.Qe1 Qh5 38.Qe4 Qg4 39.Re1 Kf8 40.b4 Qd7 41.b5 axb5 42.axb5 Na5 43.Nb6 Qc7
44.c5 Bh6 45.c6 Qxb6 46.Qe7+ Kg7 47.Qe5+ Kg8 48.c7 Rf8 49.Rbc1 Nc6 50.bxc6 bxc6
51.Rb1 Qa6 52.Rb8 d3 53.Rxf8+ Bxf8 54.Qe8 d2 55.Rd1 Qa4 56.Qe2  1-0

[Event "XXXV d'Esca Open"]
[Site "Sitges ESP"]
[Date "2009.07.27"]
[Round "6"]
[White "Vidarte Morales,A"]
[Black "Cruz,Cr"]
[Result "1/2-1/2"]
[WhiteElo "2444"]
[BlackElo "2525"]

1.e4 c5 2.Nf3 d6 3.Bb5+ Nc6 4.O-O Bd7 5.Re1 Nf6 6.c3 a6 7.Bf1 Bg4 8.h3 Bxf3
9.Qxf3 g6 10.d3 Qb6 11.Nd2 Bg7 12.Qd1 O-O 13.a4 e6 14.g3 Nd7 15.Bg2 Qc7 16.f4 b5
17.Nf3 b4 18.d4 bxc3 19.bxc3 Rab8 20.Kh1 Rfc8 21.e5 Rd8 22.Qe2 cxd4 23.cxd4 dxe5
24.dxe5 Nc5 25.Ba3 Nb4 26.Qc4 Qa5 27.Reb1 Ncd3 28.Bxb4 Nxb4 29.Ng5 Rbc8 30.Qe4 Nd5
31.Rb7 Rc7 32.Rxc7 Qxc7 33.Rd1 h6  1/2-1/2

[Event "Open"]
[Site "Stara Pazova SRB"]
[Date "2009.07.27"]
[Round "4"]
[White "Kosanovic,G"]
[Black "Vujacic,Bo"]
[Result "1-0"]
[WhiteElo "2351"]
[BlackElo "2315"]

1.e4 c5 2.Nf3 d6 3.Bb5+ Nc6 4.d4 cxd4 5.Qxd4 Bd7 6.Bxc6 Bxc6 7.Nc3 Nf6 8.Bg5 e6
9.O-O-O Be7 10.Rhe1 O-O 11.Qd2 a6 12.Nd4 Qc7 13.f3 Rfd8 14.g4 b5 15.Kb1 b4
16.Nce2 a5 17.Nxc6 Qxc6 18.Ng3 Qb5 19.h4 Ra7 20.Bxf6 Bxf6 21.Nh5 Bc3 22.Qe2 Qb8
23.Rg1 g6 24.Ng3 a4 25.f4 Qb6 26.Rgf1 a3 27.b3 Rc7 28.e5 Rcc8 29.exd6 Rxd6
30.Ne4 Rxd1+ 31.Rxd1 Rd8 32.Nxc3 bxc3 33.g5 Rd4 34.Rf1 Qd6 35.Qf3 Rd2 36.Rc1 Qc5
37.h5 gxh5 38.Qxh5 Rg2 39.Qd1 Rd2 40.Qf3 Kg7 41.Qh3 Qd4 42.Qh6+ Kg8 43.Qh1 Qc5
44.Qh3 Qd4 45.Qh1 Qd5 46.Qf3 Qd4 47.Qh1 Qxf4 48.Qa8+ Kg7 49.Qxa3 Qd4 50.Qe7 Rf2
51.a4 Rf5 52.Ka2 Qd2 53.Qa3 Qxg5 54.b4 Kg6 55.a5 Rb5 56.Rb1 Qd5+ 57.Ka1 f5
58.Qxc3 e5 59.Qc7 Rb7 60.Qc8 Qb5 61.Rg1+ Kf6 62.Qf8+ Ke6 63.c3 Qa4+ 64.Kb2 Rd7
65.Qh6+ Kd5 66.Rg2 f4 67.Rd2+ Ke4 68.Qh1+ f3 69.Re2+ Kf4 70.Qh2+ Kg4 71.Re4+  1-0

[Event "2nd Open"]
[Site "Paleohora GRE"]
[Date "2009.07.28"]
[Round "9"]
[White "Timoshenko,G"]
[Black "Romanko,M"]
[Result "1-0"]
[WhiteElo "2556"]
[BlackElo "2447"]

1.e4 c5 2.Nf3 d6 3.Bb5+ Nc6 4.O-O Nf6 5.Re1 Bd7 6.c3 a6 7.Ba4 b5 8.Bc2 e5
9.h3 Be7 10.d4 Qc7 11.a4 O-O 12.d5 Na5 13.Nbd2 c4 14.Nf1 Nb7 15.Be3 Nc5 16.axb5 axb5
17.Ng3 g6 18.Nd2 h5 19.Ne2 Nh7 20.Rxa8 Rxa8 21.f4 f6 22.Rf1 Be8 23.Nf3 Ra2
24.Qb1 Ra8 25.Kh2 Bf8 26.g4 hxg4 27.hxg4 Rb8 28.Qe1 b4 29.cxb4 Nd3 30.Qc3 Nxb4
31.Bb1 Qd7 32.f5 Nd3 33.Bxd3 cxd3 34.Nc1 Qa4 35.Nd2 Qc2 36.Nxd3 Qxc3 37.bxc3 gxf5
38.gxf5 Ra8 39.Rb1 Ra3 40.Rb3 Ra2 41.Kg3 Bh5 42.Rb8 Ra3 43.Rc8 Be2 44.Nb4 Kg7
45.Kf2 Bh5 46.Rc7+ Kh8 47.Nf3 Bxf3 48.Kxf3 Rb3 49.Nd3 Rb8 50.Nf2  1-0

[Event "III Deportiva San Juan Open"]
[Site "Pamplona ESP"]
[Date "2009.07.28"]
[Round "2"]
[White "Delorme,Ax"]
[Black "Ninov,N"]
[Result "1/2-1/2"]
[WhiteElo "2434"]
[BlackElo "2562"]

1.e4 c5 2.Nf3 d6 3.Bb5+ Bd7 4.Bxd7+ Qxd7 5.c4 Nf6 6.Nc3 Nc6 7.d4 cxd4 8.Nxd4 Qg4
9.Qxg4 Nxg4 10.Nxc6 bxc6 11.Bf4 Nf6 12.c5 d5 13.exd5 Nxd5 14.Nxd5 cxd5 15.O-O f6
16.b4 e5 17.Bd2 Kd7 18.f4 a5 19.a3 Be7 20.Rfe1 e4 21.Bc3 Rhb8 22.Kf2 f5 23.Ke3 Bf6
24.Bxf6 gxf6 25.Kd4 Kc6 26.Kc3 Rb7 27.Red1 Rba7 28.Rab1 axb4+ 29.axb4 Ra3+
30.Kd4 Rb8 31.b5+ Rxb5 32.Rxb5 Ra4+ 33.Ke3 Ra3+  1/2-1/2

[Event "Czech Open A"]
[Site "Pardubice CZE"]
[Date "2009.07.28"]
[Round "5"]
[White "Jirasek,P"]
[Black "Dinger,Fl"]
[Result "1/2-1/2"]
[WhiteElo "2265"]
[BlackElo "2391"]

1.e4 c5 2.Nf3 d6 3.Bb5+ Nd7 4.c3 Nf6 5.Qe2 a6 6.Ba4 b5 7.Bc2 e6 8.a4 bxa4
9.Bxa4 Be7 10.e5 dxe5 11.Nxe5 Qc7 12.d3 O-O 13.Bf4 Bd6 14.Nxd7 Nxd7 15.Bxd6 Qxd6
16.O-O Bb7 17.Na3 Nb6 18.Bb3 Nd5 19.Nc4 Qb8 20.f3 Rd8 21.Rfd1 Nf4 22.Qe3 Bd5
23.Ra3 Nxg2 24.Qxc5 Nh4 25.Nd2 Nxf3+ 26.Nxf3 Bxf3 27.Re1 Rxd3 28.Qf2 Bd5
29.Bd1 Qa7 30.Qxa7 Rxa7 31.Be2 Rd2 32.c4 Bc6 33.b4 Ra8 34.Kf2 Rb2 35.b5 axb5
36.Rxa8+ Bxa8 37.Rd1 g6 38.Rd8+ Kg7 39.Rxa8 bxc4 40.Rc8 Rc2 41.Rxc4 Rxc4
42.Bxc4 g5 43.Kg2 Kg6 44.Kf3 h5 45.Ke4 Kf6 46.h3 h4 47.Be2 Ke7 48.Bh5 f6
49.Bg6 Kd6 50.Bh7 Kc5 51.Bg8 Kd6 52.Bh7 Ke7 53.Bg6 Kf8 54.Bh5 Kg7 55.Bg4 Kf7
56.Bh5+ Ke7 57.Bg6 Kd6 58.Bh7 Kc5 59.Bg8 f5+ 60.Ke5 g4  1/2-1/2

[Event "ch-Euro Senior"]
[Site "Rogaska Slatina SLO"]
[Date "2009.07.28"]
[Round "7"]
[White "Rooze,J"]
[Black "Plachetka,J"]
[Result "0-1"]
[WhiteElo "2238"]
[BlackElo "2370"]

1.e4 c5 2.Nf3 d6 3.Bb5+ Bd7 4.Bxd7+ Qxd7 5.O-O Nc6 6.c3 Nf6 7.d4 e6 8.d5 exd5
9.exd5 Ne5 10.Re1 O-O-O 11.Nxe5 dxe5 12.c4 Bd6 13.Nc3 Rde8 14.a3 e4 15.b4 Qf5
16.bxc5 Bxh2+ 17.Kxh2 Ng4+ 18.Kg3 h5 19.Qd4 h4+ 20.Kh3 Nxf2+ 21.Kh2 h3  0-1

[Event "96th ch-GBR"]
[Site "Torquay ENG"]
[Date "2009.07.28"]
[Round "2"]
[White "Rocks,D"]
[Black "Sugden,J"]
[Result "1/2-1/2"]
[WhiteElo "2037"]
[BlackElo "2217"]

1.e4 c5 2.Nf3 d6 3.Bb5+ Nc6 4.c3 Nf6 5.Qe2 e6 6.d4 cxd4 7.cxd4 d5 8.e5 Ne4
9.Nbd2 Nxd2 10.Bxd2 Bd7 11.Bc3 Qb6 12.Bd3 Be7 13.a3 a6 14.O-O Na7 15.Bd2 Bb5
16.Bxb5+ Qxb5 17.Qxb5+ axb5 18.Ne1 Nc6 19.Nc2 Kd7 20.Rfc1 Ra4 21.Bc3 Rc8  1/2-1/2

[Event "14th Open"]
[Site "Creon FRA"]
[Date "2009.07.29"]
[Round "4"]
[White "Favarel,A"]
[Black "Morley,S"]
[Result "0-1"]
[WhiteElo "2213"]
[BlackElo "1785"]

1.e4 c5 2.Nf3 d6 3.Bb5+ Bd7 4.Bxd7+ Nxd7 5.O-O e6 6.d3 Be7 7.c4 Bf6 8.Nc3 a6
9.Be3 Ne7 10.Ng5 h6 11.Nh3 g5 12.f4 Nc6 13.Rb1 Rg8 14.f5 Qe7 15.fxe6 fxe6
16.Qh5+ Kd8 17.Qe2 Kc7 18.Kh1 Raf8 19.a3 Be5 20.Qd2 Rxf1+ 21.Rxf1 Rf8 22.Rb1 Nf6
23.b4 Nh5 24.b5 axb5 25.cxb5 Nd8 26.d4 cxd4 27.Bxd4 Qf6 28.Rc1 Kd7 29.Bxe5 Qxe5
30.Ng1 Qf4 31.Qc2 Qh4 32.Nce2 Rf2 33.Qc8+ Ke8 34.Rc7 Nf6 35.Rxb7 Qxe4 36.Nf3 Rxe2
37.Rb8 Re1+ 38.Ng1 Rxg1+ 39.Kxg1 Qe1+  0-1

[Event "14th Open"]
[Site "Creon FRA"]
[Date "2009.07.29"]
[Round "4"]
[White "Amram,R"]
[Black "Ternault,M"]
[Result "0-1"]
[WhiteElo "1770"]
[BlackElo "1962"]

1.e4 c5 2.Nf3 d6 3.Bb5+ Bd7 4.Bxd7+ Qxd7 5.O-O Nc6 6.c4 g6 7.d4 cxd4 8.Nxd4 Bg7
9.Nb3 Nf6 10.Nc3 O-O 11.Qe2 Rac8 12.Kh1 Ne5 13.Nd2 Qg4 14.Qxg4 Nfxg4 15.h3 Nf6
16.Nd5 Nxd5 17.cxd5 Nd3 18.Rb1 Rc2 19.f4 Nxc1 20.Rfxc1 Rxd2 21.Rc7 Re8 22.Rxb7 Bd4
23.Rc1 Rxb2 24.Rxb2 Bxb2 25.Rb1 Bd4 26.a4 h5 27.Rd1 Bf2 28.g4 hxg4 29.hxg4 Rc8
30.e5 Bg3 31.exd6 exd6 32.f5 Rc4 33.Kg2 Be5 34.fxg6 Rxg4+  0-1

[Event "zt 3.3"]
[Site "Ho Chi Minh City VIE"]
[Date "2009.07.29"]
[Round "9"]
[White "Chan Wei Xuan,T"]
[Black "Le Quang Long"]
[Result "0-1"]
[WhiteElo "2344"]
[BlackElo "2279"]

1.e4 c5 2.Nf3 d6 3.Bb5+ Bd7 4.Bxd7+ Qxd7 5.O-O Nf6 6.Qe2 Nc6 7.Rd1 g5 8.c3 g4
9.Nh4 Qe6 10.d3 O-O-O 11.Be3 d5 12.Nd2 dxe4 13.Nxe4 Nxe4 14.dxe4 Qxe4 15.Rxd8+ Nxd8
16.Rd1 Bh6 17.Nf5 Qxf5 18.Bxh6 Nc6 19.Qb5 g3 20.Qe2 Qxf2+ 21.Qxf2 gxf2+ 22.Kxf2 Rd8
23.Rf1 Ne5 24.Ke2 f6 25.Be3 b6 26.Rf4 Rg8 27.g3 h5 28.Rh4 Rh8 29.b4 cxb4
30.cxb4 Ng6 31.Rc4+ Kb7 32.Rd4 Rc8 33.Kd3 Ne5+ 34.Ke4 Rc2 35.Rd2 Rxd2 36.Bxd2 e6
37.Bc3 Nd7 38.b5 Kc7 39.Kf4 Kd6 40.h4 Ke7 41.a4 Kf7 42.a5 bxa5 43.Bxa5 Nb6
44.Ke4 Nd5 45.Kd4 Ke7 46.Kc5 Kd7 47.Bd2 Ne7 48.Be3 Nd5 49.Bd4 Kc7 50.Kc4 Nb6+
51.Kd3 e5 52.Bxb6+ axb6 53.g4 Kd6  0-1

[Event "Brama Lubawska"]
[Site "Lubawka POL"]
[Date "2009.07.30"]
[Round "2"]
[White "Malisauskas,V"]
[Black "Shishkin,Va UKR"]
[Result "1/2-1/2"]
[WhiteElo "2459"]
[BlackElo "2498"]

1.e4 c5 2.Nf3 d6 3.Bb5+ Bd7 4.Bxd7+ Qxd7 5.O-O Nc6 6.c4 g6 7.d4 cxd4 8.Nxd4 Bg7
9.Ne2 Nf6 10.Nbc3 O-O 11.Rb1  1/2-1/2

[Event "III Deportiva San Juan Open"]
[Site "Pamplona ESP"]
[Date "2009.07.30"]
[Round "5"]
[White "Fernandez Garcia,JoseL1"]
[Black "Edouard,R"]
[Result "1/2-1/2"]
[WhiteElo "2465"]
[BlackElo "2597"]

1.e4 c5 2.Nf3 d6 3.Bb5+ Nc6 4.O-O Bd7 5.Re1 Nf6 6.c3 a6 7.Ba4 b5 8.Bc2 Bg4
9.a4 g6 10.axb5 axb5 11.Rxa8 Qxa8 12.h3 Bxf3 13.Qxf3 Qb8 14.Na3 Nd7 15.Qe2 b4
16.Ba4 Qa8 17.Bxc6 Qxc6 18.cxb4 cxb4 19.Qb5 Qb6 20.Qxb6 Nxb6 21.Nc2 b3 22.Nd4 Bg7
23.Nxb3 Kd7 24.d3 Rb8 25.Na5 Na4 26.Nc4 Nc5 27.Rd1 Rb3 28.Be3 Nxd3 29.Na5 Rb5
30.Rxd3 Rxa5 31.Rb3 Kc6 32.Rb6+ Kc7 33.Rb4 Ra1+ 34.Kh2 Rb1 35.b3 f5 36.exf5 gxf5
37.Rh4 Rxb3 38.Rxh7 Be5+ 39.g3 Bf6 40.h4 Kd7 41.Bg5 Bxg5 42.hxg5 d5 43.Rf7 Rb8
44.Rxf5 Kd6 45.g6 Rg8 46.Rg5 e6 47.Kg2  1/2-1/2

[Event "Czech Open A"]
[Site "Pardubice CZE"]
[Date "2009.07.30"]
[Round "7"]
[White "Berzina,I"]
[Black "Dinger,Fl"]
[Result "1/2-1/2"]
[WhiteElo "2276"]
[BlackElo "2391"]

1.e4 c5 2.Nf3 d6 3.Bb5+ Nd7 4.d4 Nf6 5.O-O cxd4 6.Qxd4 e5 7.Qd3 h6 8.Nc3 a6
9.Bc4 Be7 10.a4 Nc5 11.Qe3 Qc7 12.Bd5 Be6 13.Rd1 Rc8 14.h3 O-O 15.Qe2 Nxd5
16.Nxd5 Bxd5 17.exd5 f5 18.Bd2 Rf7 19.Bb4 Ne4 20.Rac1 Bg5 21.Nxg5 Nxg5 22.c4 Qb6
23.Ba3 Ne4 24.b4 a5 25.c5 Qa7 26.cxd6 Rxc1 27.Rxc1 axb4 28.Bxb4 Qxa4 29.Qc4 Kh7
30.Qc7 Rd7 31.Qc8 Nf6 32.Rc7 Qxb4 33.Rxd7 Qe1+ 34.Kh2 Qxf2 35.Rf7 Ng4+ 36.hxg4 Qh4+
37.Kg1 Qe1+  1/2-1/2